MDQL
is popping MORE tags! Check the
thread
!
Quizzes
Events
Quiz Creation
Community
Videos
Private Events
Remove Ads
Sign In
Join for FREE
Feedback
Dark Mode
Quiz Categories
Sports
Geography
Music
Movies
Television
Just For Fun
Miscellaneous
History
Literature
Language
Science
Gaming
Entertainment
Religion
Holiday
For Kids
Quiz Lab
Recent
Popular Today
Quiz Kudos Today
Editor Picks
Curator Picks
Quizzes by...
Day
Popularity
Type
Ratings
Length
Year
Community
Subscriptions
Recent Discussions
Orange Saloon
Badges
Playlists
Quests
Create
Leaderboards
Showdown
Live 5
Trivia Bingo
Activity
Puzzle Library
Sporcle Events
Private Events
Virtual Trivia
Globe League
Become a Host
Pub Owners
SporcleCon
Opinionation
Our Games
Videos
Blog
Mobile Apps
Partnerships
Remove Ads and Go Orange
Feedback
Television
TV Characters
TV Show
Sitcom
Network
Friends
Reality Shows
Cast
South Park
Star Trek
The Simpsons
Doctor Who
Television
TV Characters
TV Show
Sitcom
Network
Friends
Reality Shows
Cast
South Park
Star Trek
The Simpsons
Doctor Who
Random Quiz
Search Sporcle
×
Quiz Lab
Quiz Lab
Television
Sitcom
Type in answers that appear in a list
Type in answers that appear in a list
Classic
Best Score? Go Orange.
Characters from British sitcoms Stats
Can you name the British sitcoms that these characters appear in?
By
supercert
10m
20 Questions
48 Plays
48 Plays
48 Plays
Comments
Comments
Give Quiz Kudos
Give Quiz Kudos
-
- Ratings
hide this ad
Forced Order
Answers have to be entered in order
Answers have to be entered in order
Random Order
Randomize order of answers
Randomize order of answers
Replay
Link that replays current quiz
Next Quiz
Link to next quiz in quiz playlist
You Got
0%
They Got
Avg Score
44%
Avg Friend Score
Upgrade to see
Score Distribution
Jump to the score distribution portion of the page
Score
0/20
Timer
10:00
0
Plays Today
Characters
Sitcom
% Correct
Norman Stanley Fletcher, Mr MacKay, Lennie Godber
Porridge
77.1%
Will McKenzie, Jay Cartwright, Simon Cooper
The Inbetweeners
75%
Richard Richard, Eddie Hitler, Dave Hedgehog
Bottom
72.9%
Compo, Cleggy, Nora Batty
Last of the Summer Wine
70.8%
Sharon Theodopolopodous, Tracey Stubbs, Dorian Green
Birds of a Feather
68.8%
Brian Potter, Jerry St Clair, Ray Von
Phoenix Nights
60.4%
Gary Strang, Tony Smart, Dorothy Martin
Men Behaving Badly
60.4%
Mark Corrigan, Jeremy Usborne, Super Hans
Peep Show
58.3%
Roy Trenneman, Maurice Moss, Douglas Reynholm
The IT Crowd
56.3%
Andy Millman, Maggie Jacobs
Extras
47.9%
Characters
Sitcom
% Correct
Bren Furlong, Twinkle, Petula Gordino
dinnerladies
45.8%
Sandra Hutchinson, Beryl Hennessy
The Liver Birds
39.6%
Hilary Briss, Herr Lipp, Benjamin Denton
The League of Gentlemen
27.1%
Matthew Malone, Martin Henson, Mandy Wilkins
Game On
27.1%
Kerry Mucklowe, Kurtan Mucklowe, Rev Francis Seaton
This Country
25%
MC Grindah, Beats, Chabuddy G
People Just Do Nothing
20.8%
Dave Briggs, Bob Louis
The Detectives
20.8%
Jack Jarvis, Victor McDade, Winston Ingram
Still Game
18.8%
Andy Stone, Lance Slater, Sophie
Detectorists
14.6%
Jill Tyrell, Don Cole, Glen Bulb
Nighty Night
10.4%
Quiz Playlist
Details
Report
Send in Message
Add To Playlist
Classic:
Type in answers that appear in a list
Forced Order:
Answers have to be entered in order
Random Order:
Randomize order of answers
Last Updated: Mar 20, 2018
Quiz Scoreboard
CHALLENGE
Sign Up to Join the Scoreboard
Show All
Scores
Hide
Comments
May contain spoilers
Recently Published
Colored Red Africa Blitz
by spor1
Geography
30s
Find the 'City' Movie
by crazypaving
Movies
60s
5x2 Blitz: Bands
by SL_Kpop136
Music
30s
More to Explore
Quiz From the Vault
Featured Blog Post
14 Easter Pick-up Lines to Find Eggs With
hide this ad
You Might Also Like...
Tags
Sitcom Quiz
UK Sitcom
Today's Top Quizzes in Television
Browse Television
hide this ad
Today's Top Quizzes in Sitcom
Browse Sitcom
Top Contributed Quizzes in Television
1
Survivor Journey Challenge
2
Brooklyn Nine Nine Logic Puzzle (How-To-Play)
3
Phoebe Buffay Quotes
4
Survivor Trivia
5
Total Drama Characters
6
Survivor Logic Puzzle: Heroes vs. Villains
7
One Tree Hill Logic Puzzle
8
Survivor Heroes vs. Villains Logic Puzzle
9
All US Survivor Seasons in Order
10
Adjectives in 00s TV Shows
Explore More
Trending Topics
Disney
Kpop
Harry Potter
Anime
Crossword
Marvel
NBA
Puzzle
WWE
NFL
Soccer
Pokémon
The Office
Country
Song
hide this ad
More By:
supercert
Quiz
Plays
Rating
Category
Featured
Created
All-Time Grand Slam of Darts Competitors
5,064
4.50
Sports
Oct 17, 2012
Players with 12+ World Darts Championship appearances
3,307
5.00
Sports
Dec 2, 2014
Liverpool Players First Names
2,949
4.50
Sports
Sep 8, 2016
Raymond van Barneveld World Darts Championship opponent
1,793
5.00
Sports
Jan 16, 2015
Multiple World Darts Championship Final Losers
1,760
4.50
Sports
Sep 12, 2014
Go to Creator's Profile
Score Distribution
Quiz Creator Spotlight
supercert
Follow
Send a Message
Quizzes Created
-
Created Quiz Play Count
-
More By This Creator
Popular Quizzes Today
1
Colored Red Africa Blitz
2
Find the 'City' Movie
3
Find the US States - No Outlines Minefield
4
5x2 Blitz: Bands
5
The Countries of the World
6
Find the US States
7
US States
8
Find the Countries of Europe - No Outlines Minefield
More Television Quizzes
Doctor Who Actors by Picture
Published
Trending Quizzes
Colored Red Europe Blitz I
Colored Red Africa Blitz II
Colored Red Europe Blitz II
Colored Red Africa Blitz III
Colored Red Europe Blitz III
Recently Updated
How Do You Spell That?
pecheneg
Godzilla Movies
pecheneg
Grab Bag: 4-10 Letters
pecheneg
2024 March Madness Bracket
pecheneg
Famous TV Couples
Peacemaker
Champions League XIs: Real Madrid
pecheneg
Largest US Cities 1790-2010
pecheneg
Rides in Walt Disney World
pecheneg
Most Oscar Losses (Acting)
pecheneg
Beyoncé Albums
pecheneg
Trending Topics
Harry Potter
Marvel
Anime
Kpop
Crossword
NBA
Disney
Pokémon
Soccer
WWE
Puzzle
Song
Country
The Office
NFL
Your Account Isn't Verified!
In order to create a playlist on Sporcle, you need to verify the email address you used during registration. Go to your
Sporcle Settings
to finish the process.
Report this User
Report this user for behavior that violates our
Community Guidelines
.
Details:
Send Report
Go to the Sporcle.com Mobile Site →
Comments